| 000 | 00366nam a22001337a 4500 | ||
|---|---|---|---|
| 020 | _a9781786173300 | ||
| 040 | _cNUST | ||
| 082 | _a031.02 KEL | ||
| 100 |
_aMiles, Becky _984214 |
||
| 245 | _a 6000 Amazing Facts | ||
| 260 |
_aCHINA: _bMiles Kelly Publishing Ltd, _c2019. |
||
| 650 |
_aCuriosities and wonders. Astronomy. Earth sciences. _988887 |
||
| 942 |
_2ddc _cBK |
||
| 999 |
_c586773 _d586773 |
||